Thinking about development /

Bibliographic Details
Main Author: Peattie, Lisa Redfield
Format: Book
Language:English
Published: New York : Plenum Press, [1981]
Series:Environment, development, and public policy. Cities and development.
Subjects:

MARC

Tag First Indicator Second Indicator Subfields
LEADER 00000pam a2200000 a 4500
001 in00000086568
005 20151008064555.0
008 810924s1981 nyu b 00110 eng
010 |a  81015858  
020 |a 0306407612 
035 |a (OCoLC)07836385 
035 |9 AAK4428AM 
039 0 |a 2  |b 3  |c 3  |d 3  |e 3 
040 |a DLC  |c DLC  |d TXA  |d UtOrBLW 
049 |a TXAM  |c [387926] 
050 0 0 |a HD87.5  |b .P4 
082 0 |a 303.4/4  |2 19 
100 1 |a Peattie, Lisa Redfield. 
245 1 0 |a Thinking about development /  |c Lisa Peattie. 
264 1 |a New York :  |b Plenum Press,  |c [1981] 
264 4 |c ©1981 
300 |a x, 198 pages ;  |c 22 cm. 
336 |a text  |b txt  |2 rdacontent 
337 |a unmediated  |b n  |2 rdamedia 
338 |a volume  |b nc  |2 rdacarrier 
490 1 |a Environment, development, and public policy. Cities and development 
504 |a Includes bibliographical references and index. 
650 0 |a Economic development  |x Planning. 
650 0 |a Technical assistance  |x Anthropological aspects. 
830 0 |a Environment, development, and public policy.  |p Cities and development. 
999 |a MARS 
999 f f |s 16a3638e-f325-3397-9187-7b43bbde77b5  |i 381c9f0d-c44c-3b35-865c-595839f0b27d  |t 0 
952 f f |p ric  |a Texas A&M University  |b Rellis Campus  |c Joint Library Facility  |d Remote Storage  |t 0  |e HD87.5 .P4  |h Library of Congress classification  |i unmediated -- volume  |m A14806125164 
998 f f |a HD87.5 .P4  |t 0  |l Remote Storage